000 01130nam a2200301 c 4500
003 BLK
005 20250721112139.0
008 180409b bul|||||r ||||||| ||bul||
020 _a9789542731269
040 _aBLK
041 _aBUL
_cBUL
080 _aАмериканска литература (на САЩ)
_b821.111(73)
_z821.111(73)-93-312.9
100 1 _aРиърдън, Рик
_eпърви автор
_9116392
139 _aРиърдън, Рик
_bР 67
245 1 0 _aПърси Джаксън и боговете на Олимп : Бокалът на боговете
_cРик Риърдън; прев. от англ. Александър Иванов Драганов.
260 _bЕгмонт България
_c2023
_aСофия
300 _a256 с.
_c20 см
380 _aDX
700 1 _aДраганов, Александър Иванов
_eпрев. от англ.
_9376411
852 _aЦб 320928
856 4 _qpdf
856 4 _qpdf
942 _cKNG
_n0
_043
944 _cНора Радева
_k30570
_lМоника Янева
999 _c495964
_d495964
999 _d495964
999 _d116388
999 _d116388